000 00461nam a2200193Ia 4500
005 20240823010636.0
008 240823s9999||||xx |||||||||||||| ||und||
041 _aENGLISH
082 _A004.68 P0
100 _aBasandra S K
245 0 _aLocal Area Networks
250 _a5th
260 _c2000
_b"Galgotia,New Delhi"
500 _aYES
650 _aComputer Networks
_bInformation Technology
700 _a Jaiswal S
942 _cBK
999 _c159223
_d159223